The Russian Revolution 1917 : Eyewitness Account : vol. I /

Zapisane w:
Opis bibliograficzny
1. autor: Sukhanov, N. N. (autor)
Kolejni autorzy: Carmichael, Joel (edición y traducción) (edición y traducción)
Format: Książka
Język:angielski
Wydane: Nueva York, EUA : Harper Torchbooks, 1962, c1962
Etykiety: Dodaj etykietę
Nie ma etykietki, Dołącz pierwszą etykiete!

MARC

LEADER 00000nam^a2200000^a^4500
001 000572132
005 20250521000000.0
009 20260310132303.365
037 |a Acervo ITESO - Biblioteca 
041 |a ING 
091 |a FGM. 04539 
100 |a Sukhanov, N. N.  |e (autor) 
245 1 4 |a The Russian Revolution 1917 :  |b Eyewitness Account : vol. I / 
264 4 |a Nueva York, EUA :  |b Harper Torchbooks,  |c 1962, c1962 
300 |a XXXVIII, 341 p. 
336 |a texto  |b txt  |2 rdacontenido 
337 |a sin mediación  |b n  |2 rdamedio 
338 |a volumen  |b nc  |2 rdasoporte 
649 |a XX 
700 |a Carmichael, Joel  |e (edición y traducción) 
910 |a Fondo Efraín González Morfín 
920 |a Impresos - Libros 
930 |a Fondos Especiales 
905 |a 130 
901 |a 0500384361  |b IT2  |c ESL  |i D87900  |u 20250521 
902 |a https://opac.biblio.iteso.mx/vufind/Record/000572132